000 00373nam a2200145Ia 4500
008 230711s9999||||xx |||||||||||||| ||und||
041 _aENG
082 _a621
_bKH-G
100 _aKhan,Iqbal H
245 0 _aTextbook of geotechnical engineering
250 _a1st Ed.
260 _c1998
_aNew Delhi
_bPHI Learning Private Limited
650 _aCivil Engineering
942 _cBK
999 _c3787
_d3787